Southville International School and Colleges
Your cart is empty.
  • Cart
  • Lists
    Public lists Eva Luna New books Lux_list list_1
    Your lists Log in to create your own lists
  • Log in to your account
  • Your cookies
  • Search history
Southville International School and Colleges
  • Advanced search
  • Recent comments
  • Most popular
  • Libraries

Log in to your account

Log in with GOOGLE


If you do not have an external account, but do have a local account, you can still log in:

  1. Home
  2. MARC view: Essential operations management /
Normal view MARC view ISBD view

Essential operations management / (Record no. 25414)

[ view plain ]
MARC details
000 -LEADER
fixed length control field 01010nam a2200217 a 4500
005 - DATE AND TIME OF LATEST TRANSACTION
control field 20140310183622.0
008 - FIXED-LENGTH DATA ELEMENTS--GENERAL INFORMATION
fixed length control field 121030s19uu xx 00 eng d
020 ## - INTERNATIONAL STANDARD BOOK NUMBER
International Standard Book Number 9780230232594
050 ## - LIBRARY OF CONGRESS CALL NUMBER
Classification number HD 31
Item number .H4884 2011
100 ## - MAIN ENTRY--PERSONAL NAME
Personal name Hill, Alex
245 ## - TITLE STATEMENT
Title Essential operations management /
Statement of responsibility, etc Alex Hill & Terry Hill.
260 ## - PUBLICATION, DISTRIBUTION, ETC. (IMPRINT)
Place of publication, distribution, etc New York, United States :
Name of publisher, distributor, etc Palgrave Macmillan,
Date of publication, distribution, etc 2011.
300 ## - PHYSICAL DESCRIPTION
Extent xxii, 458 p. :
Other physical details ill. (some col) ;
Dimensions 28 cm.
500 ## - GENERAL NOTE
General note Includes bibliographical references and index
520 ## - SUMMARY, ETC.
Summary, etc From two highly respected authors in the field, Essential Operations Management provides a concise, student-friendly overview of operations management, striking a balance between coverage of the service and manufacturing industries that reflects current trends and supported by well-developed international case studies and learning features
650 ## - SUBJECT ADDED ENTRY--TOPICAL TERM
Topical term or geographic name as entry element Industrial management
650 ## - SUBJECT ADDED ENTRY--TOPICAL TERM
Topical term or geographic name as entry element Production management
700 ## - ADDED ENTRY--PERSONAL NAME
Personal name Hill, Terry
942 ## - ADDED ENTRY ELEMENTS (KOHA)
Koha item type Books
Source of classification or shelving scheme Library of Congress Classification
Call number prefix Foreign
Holdings
Withdrawn status Lost status Source of classification or shelving scheme Damaged status Home library Current library Shelving location Date acquired Source of acquisition Total Checkouts Total Renewals Full call number Barcode Date last seen Date checked out Copy number Price effective from Koha item type
    Library of Congress Classification   College Library College Library Graduate Section 10/30/2012 Donation 3 19 HD 31 .H4884 2011 C15479 02/27/2018 02/20/2018 1 03/10/2014 Books

Essential operations management /

APA

Hill A., Hill T., . (2011). Essential operations management. New York, United States: Palgrave Macmillan.

Chicago

Hill Alex, Hill Terry, . 2011. Essential operations management. New York, United States: Palgrave Macmillan.

Harvard

Hill A., Hill T., . (2011). Essential operations management. New York, United States: Palgrave Macmillan.

MLA

Hill Alex, Hill Terry, . Essential operations management. New York, United States: Palgrave Macmillan. 2011.

  • Place hold
  • Print
  • Cite
  • Add to your cart (remove)
  • Save record
    BIBTEX Dublin Core MARCXML MARC (non-Unicode/MARC-8) MARC (Unicode/UTF-8) MARC (Unicode/UTF-8, Standard) MODS (XML) RIS
  • More searches
    Search for this title in:
    Other Libraries (WorldCat) Other Databases (Google Scholar) Online Stores (Bookfinder.com) Open Library (openlibrary.org)

Exporting to Dublin Core...

SOUTHVILLE LIBRARY

Southville International School and Colleges Library

1281 Tropical Ave. Cor. Luxembourg St., BF Homes International, Las Pinas City

Tel. No. 8256374 / 252358 Loc. 117/146

Powered by Koha